|
|
|
|
| LEADER |
03528nam a22003853i 4500 |
| 001 |
EBC7101363 |
| 003 |
MiAaPQ |
| 005 |
20240729202204.0 |
| 006 |
m o d | |
| 007 |
cr cnu|||||||| |
| 008 |
240729s2014 xx o ||||0 ger d |
| 020 |
|
|
|a 9783428574421
|q (electronic bk.)
|
| 020 |
|
|
|z 9783428174423
|
| 035 |
|
|
|a (MiAaPQ)EBC7101363
|
| 035 |
|
|
|a (Au-PeEL)EBL7101363
|
| 035 |
|
|
|a (OCoLC)1347027291
|
| 040 |
|
|
|a MiAaPQ
|b eng
|e rda
|e pn
|c MiAaPQ
|d MiAaPQ
|
| 100 |
1 |
|
|a Eulenburg, Franz.
|
| 245 |
1 |
0 |
|a Preisbildung Für Gewerbliche Erzeugnisse :
|b Untersuchungen über Preisbildung. Abteilung B. Sechster Teil. (Schriften des Vereins Für Sozialpolitik 143-I).
|
| 250 |
|
|
|a 1st ed.
|
| 264 |
|
1 |
|a Berlin :
|b Duncker & Humblot,
|c 2014.
|
| 264 |
|
4 |
|c {copy}1914.
|
| 300 |
|
|
|a 1 online resource (234 pages)
|
| 336 |
|
|
|a text
|b txt
|2 rdacontent
|
| 337 |
|
|
|a computer
|b c
|2 rdamedia
|
| 338 |
|
|
|a online resource
|b cr
|2 rdacarrier
|
| 490 |
1 |
|
|a Duncker and Humblot Reprints Series
|
| 505 |
0 |
|
|a Intro -- Vorwort -- Inhalt -- Deutschlands Ziegelpreise der Jahre 1892-1912. Eine wirtschafts-wissenschaftliche Untersuchung. Von G. Paschke, Betriebsleiter des städtischen Ziegelwerkes Zoppot -- Inhalt -- I. Der Preisverlauf der Ziegelwaren -- II. Deutschlands Handel mit Hintermauersteinen. Die Kartellierungen -- III. Die Selbstkostenelemente der Ziegelherstellung und ihr Verlaus in den letzten zwanzig Jahren -- Der Rohstoffwert -- Die Ziegeleianlagen -- Die Kraft -- Das Kapital -- IV. Die Preispolitik des Ziegelverkäufers -- V. Die Beeinflussungsfaktoren der Ziegelwarenpreise -- Schluß -- Der Steinkohlenmarkt Deutschlands in den letzten 20-25 Jahren. Unter besonderer Berücksichtigung des Rheinisch-Westfälischen Kohlensyndikates. Von Dr. W. Bochhoff -- Inhalt -- Vorwort -- Erster Teil. Die Organisation des modernen Steinkohlenhandels und der Steinkohlenindustrie -- Die Organisation des modernen Steinkohlenhandels -- Zweiter Teil. Übersicht über die Entwicklung der Steinkohlenpreise in Deutschland in den letzten 20-25 Jahren -- a) Darstellung der Preissteigerung an den Förderwerten -- 1. Für Deutschland allgemein -- 2. Für die einzelnen Bezirke -- b) Die Preissteigerung im Großhandel auf unbestrittenem Gebiete -- 1. Im Ruhrbezirk -- 2. In Oberschlesien -- 3. Im Saarbezirk -- c) Die Preisentwicklung auf bestrittenen Märkten -- d) Die Preissteigerung im Groß-, Detail- und Kleinhandel -- Dritter Teil. Die Ursachen der Preissteigerung -- Das Sinken des Geldwertes -- Die Steigerung der Produktionskosten -- a) Löhne -- b) Die öffentlichen Lasten -- 1. Steuern -- 2. Sonstige Abgaben -- 3. Soziale Lasten -- c) Materialkosten -- d) Sonstige Kosten und Gewinne -- Zerlegung des Förderwertes -- Vierter Teil. Der Einfluß des Rheinisch-Westfälischen Kohlensyndikats auf die Preisentwicklung im besonderen -- Tabellen-Anhang -- Literatur.
|
| 588 |
|
|
|a Description based on publisher supplied metadata and other sources.
|
| 590 |
|
|
|a Electronic reproduction. Ann Arbor, Michigan : ProQuest Ebook Central, 2024. Available via World Wide Web. Access may be limited to ProQuest Ebook Central affiliated libraries.
|
| 655 |
|
4 |
|a Electronic books.
|
| 776 |
0 |
8 |
|i Print version:
|a Eulenburg, Franz
|t Preisbildung Für Gewerbliche Erzeugnisse
|d Berlin : Duncker & Humblot,c2014
|z 9783428174423
|
| 797 |
2 |
|
|a ProQuest (Firm)
|
| 830 |
|
0 |
|a Duncker and Humblot Reprints Series
|
| 856 |
4 |
0 |
|u https://ebookcentral.proquest.com/lib/matrademy/detail.action?docID=7101363
|z Click to View
|